01422nac a22003131u 4500010001700000020002800017020004400045020001700089082001800106090001500124100003400139245012900173250001200302260004700314300003000361500009200391504006400483650004000547650003600587650003800623650005400661700004700715700004300762856008700805856007500892942002000967999001500987952010601002 a 2002026561 a0072456728 (alk. paper) a0071122923 (international : alk. paper) a007058673* :00a658.4038bAPP c5137d5137 aApplegate, Lynda M. 10aCorporate information strategy and management :btext and cases /cLynda M. Applegate, Robert D. Austin, F. Warren McFarlan. a6th ed. aBoston :bMcGraw-Hill Irwin,c2003.cc2003. ax, 726 p. :bill.c24 cm. aRev. ed. of: Corporate information systems management : text and cases . 5th ed. c1999. aIncludes bibliographical references (p. 715-719) and index. 0aInformation technologyxManagement. 0aManagement information systems. 0aInformation resources management. 0aInformation technologyxManagementxCase studies.1 aAustin, Robert D.q(Robert Daniel),d1962-1 aMcFarlan, F. Warrenq(Franklin Warren)423Publisher descriptionuhttp://www.loc.gov/catdir/description/mh024/2002026561.html423Table of contentsuhttp://www.loc.gov/catdir/toc/mh023/2002026561.html cBBk658.4038APP c5137d5137 00104070aMAINbMAINc1STd2007-10-17ePurchasel0o658.4038APPp000006085r2025-07-15 00:00:00yBB